| 000 | 00919nam a2200229 i 4500 | ||
|---|---|---|---|
| 001 | bg | ||
| 245 | 0 | 0 |
_aStudia o procesach migracji zagranicznych. _nT. 1, _pCharakterystyka procesów migracyjnych / _cwybór tekstów i red. nauk. Stanisława Golinowska, Edward Marek. |
| 260 |
_aWarszawa : _bIPiSS, _c1994. |
||
| 300 |
_a148 s. (w tym 8 k.tabl.złoż.) ; _c21 cm. |
||
| 490 | 1 |
_aStudia i Materiały / Instytut Pracy i Spraw Socjalnych, _x0239-9458 ; _vz. 3 (393) |
|
| 500 | _aWstęp i spis treści także ang. - Tekst częśc. tł. z ang., niem. | ||
| 504 | _aBibliogr. przy pracach. | ||
| 650 | 9 |
_aMigracje _xzagadnienia |
|
| 700 | 1 |
_aGOLINOWSKA, Stanisława _eRed. |
|
| 700 | 1 |
_aMAREK, Edward _eRed. |
|
| 830 | 0 |
_aStudia i Materiały (Instytut Pracy i Spraw Socjalnych) ; _vz. 3 (393) |
|
| 040 | _cBPK | ||
| 041 | 1 |
_apl _gen _hende |
|
| 080 | _a314.7 | ||
| 942 | _cKS | ||
| 008 | s pl f |000 0 pol | ||
| 999 |
_c32358 _d32358 |
||
| 856 |
_uhttp://koha.tu.koszalin.pl/cgi-bin/koha/opac-detail.pl?biblionumber=32358 _yKatalog online BPK |
||